| 000 | 00651nam a2200229Ia 4500 | ||
|---|---|---|---|
| 008 | 160319s9999 xx 000 0 und d | ||
| 020 | _a971-584-439-1 | ||
| 050 | _aFIL PE 1130.P5 | ||
| 050 | _b.E53 2006 | ||
| 245 | _aEncounters : | ||
| 245 | _bmastering English through content / | ||
| 245 | _cLalaine Yanilla-Aquino… [et al] | ||
| 260 | _aQuezon City: | ||
| 260 | _bC & E Pub. Inc., | ||
| 260 | _c2006 | ||
| 300 | _a359 pages : | ||
| 300 | _billustrations ; | ||
| 300 | _c26 cm. | ||
| 500 | _aIncludes bibliographical references. | ||
| 650 | _aEnglish language -- Study and teaching. | ||
| 650 | _xEglish language -- Textbooks. | ||
| 999 |
_c291718 _d291718 |
||